| 000 | 01192njm a22002897a 4500 | ||
|---|---|---|---|
| 005 | 20100915160631.0 | ||
| 006 | a|||||r|||||00| 0 | ||
| 007 | sd ammalaaahaa | ||
| 008 | 100910t xxu||||| |||| 00| 0 eng d | ||
| 028 |
_aTAE 1298 _bOdeon |
||
| 035 | _aGR-02712 | ||
| 040 |
_aSED _cSED |
||
| 100 |
_aBhosle, Asha _919365 |
||
| 245 |
_aMera Saaya / _csung by Asha Bhosle ; Music by Madan Mohan ; Lyrics by Raj Mehdi All Khan _h[sound recording] : |
||
| 246 | _aमेरा साया / | ||
| 260 |
_aDum Dum, India _bOdeon _c1966 |
||
| 300 |
_a1 sound disc [Gramophone Recording] : _banalog, 33 1/3 rpm ; _c7.5 in. (SP) _fGramaphone Records |
||
| 500 | _aBrief records | ||
| 500 | _aRecord Lables : Odeon, Black | ||
| 505 | _aSide-1 झुमका गिरा रे (Jhumka gira re) (Asha Bhosle),--Side-2 मेरा साया साथ होगा (Mera Saaya Saath Hoga) (Lata Mangeshkar) | ||
| 600 |
_aBhosle, Asha _919611 |
||
| 650 |
_2Excerpts. _aClassical Music _bIndia _919366 |
||
| 700 |
_a Mohan, Madan _920248 |
||
| 700 |
_aRaja Mehdi All Khan _920249 |
||
| 942 |
_2ddc _cGR |
||
| 999 |
_c46050 _d46050 |
||